[Event "BCF-chT3 1011 (4NCL)"]
[Site "England"]
[Date "2011.05.02"]
[Round "11.45"]
[White "Fernandez, Michael"]
[Black "Lutton, J Arnold"]
[Result "1-0"]
[WhiteElo "1758"]
[BlackElo "1826"]
[PlyCount "131"]
[EventDate "2010.11.06"]
[EventType "team-swiss"]
[EventRounds "9"]
[EventCountry "ENG"]
[SourceTitle "EXT 2012"]
[Source "ChessBase"]
[SourceDate "2011.11.24"]
[SourceVersion "1"]
[SourceVersionDate "2011.11.24"]
[SourceQuality "1"]
[WhiteTeam "e2e4.org.uk IV"]
[BlackTeam "SC Stars"]
[WhiteTeamCountry "ENG"]
[BlackTeamCountry "ENG"]

1. e4 e6 2. d4 d5 3. Nc3 Bb4 4. e5 c5 5. a3 Bxc3+ 6. bxc3 Qc7 7. Nf3 Nc6 8. Be3 Bd7 9. Bd3 c4 10. Be2 Nge7 11. 0-0 Nf5 12. Rb1 Nxe3 13. fxe3 Ne7 14. Rf2 b6 15. Qd2 h6 16. Rbf1 0-0-0 17. Qc1 Rdf8 18. Nd2 Nf5 19. e4 Ne3 20. Re1 Qd8 21. Bf3 Qg5 22. Nf1 dxe4 23. Nxe3 exf3 24. Nxc4 Bc6 25. Qxg5 hxg5 26. g3 Rh3 27. Nd6+ Kd7 28. Ne4 g4 29. Nd2 Rfh8 30. Nf1 f5 31. exf6 gxf6 32. Ne3 f5 33. c4 Be4 34. Nxg4 Bb7 35. Ne5+ Kc7 36. Ng6 R8h6 37. Nf4 Rxh2 38. Nxe6+ Kd6 39. c5+ Kd7 40. Nf8+ Kd8 41. Rxh2 f2+ 42. Kxf2 Rxh2+ 43. Ke3 Rxc2 44. Kf4 Rc3 45. Re3 Rc4 46. Kxf5 Bc8+ 47. Ke5 bxc5 48. dxc5 Rxc5+ 49. Ke4 Bf5+ 50. Kf4 Bc8 51. Ne6+ Bxe6 52. Rxe6 Rc1 53. Re3 Rf1+ 54. Kg5 Rg1 55. g4 Kc7 56. Kh5 Rh1+ 57. Kg6 Rb1 58. g5 a5 59. Kf7 Kc6 60. Re5 Kb6 61. g6 Rf1+ 62. Ke6 Rf3 63. g7 Rg3 64. Kf6 a4 65. Rg5 Rf3+ 66. Kg6 1-0

[Event "BCF-chT3 1011 (4NCL)"]
[Site "England"]
[Date "2011.01.16"]
[Round "4.48"]
[White "Buttell, David"]
[Black "Lutton, J Arnold"]
[Result "1/2-1/2"]
[WhiteElo "1761"]
[BlackElo "1826"]
[PlyCount "81"]
[EventDate "2010.11.06"]
[EventType "team-swiss"]
[EventRounds "9"]
[EventCountry "ENG"]
[SourceTitle "EXT 2012"]
[Source "ChessBase"]
[SourceDate "2011.11.24"]
[SourceVersion "1"]
[SourceVersionDate "2011.11.24"]
[SourceQuality "1"]
[WhiteTeam "Celtic Tigers II"]
[BlackTeam "SC Stars"]
[WhiteTeamCountry "ENG"]
[BlackTeamCountry "ENG"]

1. d4 e6 2. c4 Be7 3. Nf3 c6 4. Nc3 d5 5. cxd5 cxd5 6. Bf4 Nf6 7. h3 0-0 8. e3 a6 9. Bd3 Nc6 10. a3 Bd7 11. 0-0 Rc8 12. Rc1 Na5 13. Ne5 Nc4 14. Qe2 Nxe5 15. Bxe5 Bc6 16. Rc2 Bd6 17. Bxd6 Qxd6 18. Rfc1 Rc7 19. Na2 Rfc8 20. Qd2 Ba4 21. Rxc7 Rxc7 22. Rxc7 Qxc7 23. Nc3 Bb3 24. f3 Nd7 25. Bc2 Bxc2 26. Qxc2 Nb6 27. b3 Nc8 28. Qb2 Nd6 29. Kf2 Nf5 30. Ne2 Nd6 31. Qc3 Nb5 32. Qxc7 Nxc7 33. Nc3 b5 34. Ke2 Kf8 35. Kd3 Ke7 36. b4 Kd6 37. Nb1 e5 38. dxe5+ Kxe5 39. f4+ Kd6 40. g4 Ne6 41. Nd2 1/2-1/2

[Event "BCF-chT4 0708 (4NCL)"]
[Site "England"]
[Date "2008.03.16"]
[Round "8.6"]
[White "Lutton, J Arnold"]
[Black "Cranmer, Stanley"]
[Result "1/2-1/2"]
[WhiteElo "1874"]
[BlackElo "1910"]
[PlyCount "71"]
[EventDate "2007.09.15"]
[EventType "team-swiss"]
[EventRounds "11"]
[EventCountry "ENG"]
[SourceTitle "EXT 2009"]
[Source "ChessBase"]
[SourceDate "2008.11.26"]
[SourceVersion "1"]
[SourceVersionDate "2008.11.26"]
[SourceQuality "1"]
[WhiteTeam "Southern Counties Stars"]
[BlackTeam "Nottinghamshire II"]
[WhiteTeamCountry "ENG"]
[BlackTeamCountry "ENG"]

1. e4 e5 2. Nf3 Nf6 3. Nc3 Bb4 4. Bc4 0-0 5. 0-0 d6 6. d3 Bg4 7. Bg5 c6 8. h3 Be6 9. Bxe6 fxe6 10. Ne2 Nbd7 11. Ng3 Qe8 12. Qe2 h6 13. Be3 Nh5 14. Nxh5 Qxh5 15. Nd4 Qg6 16. Nb3 d5 17. f3 d4 18. Bf2 Be7 19. Be1 b6 20. Bd2 Bg5 21. Bxg5 Qxg5 22. f4 Qf6 23. fxe5 Qxe5 24. Nd2 c5 25. Nf3 Qh5 26. Rf2 Rf7 27. Raf1 Raf8 28. Nh2 Qxe2 29. Rxe2 Rxf1+ 30. Nxf1 Ne5 31. Nd2 b5 32. b3 Rc8 33. Nf3 Nxf3+ 34. gxf3 Rf8 35. Kg2 e5 36. Kg3 1/2-1/2

[Event "BCF-chT4 0708 (4NCL)"]
[Site "England"]
[Date "2007.10.27"]
[Round "1.3"]
[White "Lutton, J Arnold"]
[Black "Jeffries, Majid"]
[Result "0-1"]
[WhiteElo "1889"]
[BlackElo "2012"]
[PlyCount "56"]
[EventDate "2007.09.15"]
[EventType "team-swiss"]
[EventRounds "11"]
[EventCountry "ENG"]
[SourceTitle "EXT 2009"]
[Source "ChessBase"]
[SourceDate "2008.11.26"]
[SourceVersion "1"]
[SourceVersionDate "2008.11.26"]
[SourceQuality "1"]
[WhiteTeam "Southern Counties Stars"]
[BlackTeam "Oxford III"]
[WhiteTeamCountry "ENG"]
[BlackTeamCountry "ENG"]

1. e4 c5 2. Nc3 Nc6 3. f4 g6 4. Nf3 Bg7 5. Bb5 Nd4 6. Bc4 e6 7. 0-0 Ne7 8. Nxd4 Bxd4+ 9. Kh1 d6 10. Ne2 Bg7 11. d3 Bd7 12. c3 Bc6 13. f5 gxf5 14. Ng3 d5 15. exd5 Nxd5 16. Nxf5 exf5 17. Qh5 0-0 18. Bd2 b5 19. Bb3 c4 20. dxc4 bxc4 21. Bc2 Nf6 22. Qe2 Re8 23. Qf2 Be4 24. Bg5 Ng4 25. Qh4 f6 26. Bxe4 fxg5 27. Bd5+ Qxd5 28. Qxg5 Re2 0-1

[Event "Southend op-A"]
[Site "Southend"]
[Date "2006.04.16"]
[Round "5"]
[White "Lutton, J Arnold"]
[Black "Cullen, Anthony P"]
[Result "1/2-1/2"]
[WhiteElo "1967"]
[BlackElo "2206"]
[PlyCount "45"]
[EventDate "2006.04.14"]
[EventType "swiss"]
[EventRounds "7"]
[EventCountry "ENG"]
[SourceTitle "EXT 2007"]
[Source "ChessBase"]
[SourceDate "2006.11.23"]
[SourceVersion "1"]
[SourceVersionDate "2006.11.23"]
[SourceQuality "1"]

1. e4 e6 2. d4 d5 3. e5 c5 4. Nf3 cxd4 5. Bd3 Nc6 6. Bf4 f6 7. 0-0 fxe5 8. Bxe5 Nxe5 9. Nxe5 Nf6 10. Re1 Bd6 11. Bb5+ Kf8 12. f4 g6 13. Nd2 Kg7 14. Ndf3 Rf8 15. Bd3 Bxe5 16. Nxe5 b6 17. Qf3 Nh5 18. g3 Nf6 19. Re2 Bb7 20. h4 Ne4 21. Qg4 Qf6 22. Kh2 Qf5 23. Qxf5 1/2-1/2

[Event "Southend op-A"]
[Site "Southend"]
[Date "2006.04.15"]
[Round "3"]
[White "Lutton, J Arnold"]
[Black "Fegan, Chris"]
[Result "0-1"]
[WhiteElo "1967"]
[BlackElo "2065"]
[PlyCount "65"]
[EventDate "2006.04.14"]
[EventType "swiss"]
[EventRounds "7"]
[EventCountry "ENG"]
[SourceTitle "EXT 2007"]
[Source "ChessBase"]
[SourceDate "2006.11.23"]
[SourceVersion "1"]
[SourceVersionDate "2006.11.23"]
[SourceQuality "1"]

1. e4 d6 2. Bc4 Nf6 3. Nc3 g6 4. f4 Bg7 5. Nf3 0-0 6. 0-0 Nxe4 7. Bxf7+ Rxf7 8. Nxe4 Rxf4 9. d3 Rf8 10. Bg5 Bxb2 11. Bh6 Bg7 12. Bxg7 Kxg7 13. Qd2 Nc6 14. Nfg5 Ne5 15. Rxf8 Qxf8 16. Rf1 Bf5 17. Ng3 Qc8 18. Qe3 c5 19. Nxf5+ gxf5 20. c3 h6 21. d4 hxg5 22. dxe5 Kg6 23. e6 Qc6 24. g4 Qa4 25. gxf5+ Kf6 26. Rf3 Rh8 27. Qd2 Qg4+ 28. Rg3 Qxf5 29. Qe2 Rh4 30. Rf3 Rf4 31. h4 Rxf3 32. hxg5+ Qxg5+ 33. Kh2 0-1

[Event "BCF-chT4 0506 (4NCL)"]
[Site "West Bromwich"]
[Date "2006.02.12"]
[Round "6.4"]
[White "Lutton, J Arnold"]
[Black "Coates, David H"]
[Result "1-0"]
[WhiteElo "1940"]
[BlackElo "2025"]
[PlyCount "87"]
[EventDate "2005.11.05"]
[EventType "team"]
[EventRounds "11"]
[EventCountry "ENG"]
[SourceTitle "CBM 109 Extra"]
[Source "ChessBase"]
[SourceDate "2006.01.03"]
[SourceVersion "2"]
[SourceVersionDate "2006.01.03"]
[SourceQuality "1"]
[WhiteTeam "SC Stars"]
[BlackTeam "Slough Sharks IV"]
[WhiteTeamCountry "ENG"]
[BlackTeamCountry "ENG"]

1. e4 c5 2. Nc3 Nc6 3. f4 g6 4. Nf3 Bg7 5. Bc4 e6 6. 0-0 Nge7 7. d3 d5 8. Bb3 0-0 9. Ne2 b5 10. a3 c4 11. Ba2 dxe4 12. dxe4 Qb6+ 13. Kh1 Rd8 14. Qe1 Bb7 15. Ng3 Qc7 16. Be3 Bxb2 17. Rb1 Bg7 18. Rxb5 Ba6 19. Rg5 Rab8 20. f5 exf5 21. exf5 Rb2 22. fxg6 hxg6 23. Nh5 Bh8 24. Nh4 Rxa2 25. Nf6+ Bxf6 26. Rxf6 Qd7 27. Nxg6 Qd1 28. Nf4+ Ng6 29. Qxd1 Rxd1+ 30. Bg1 Raa1 31. h4 Rxg1+ 32. Kh2 Rh1+ 33. Kg3 Rxa3+ 34. Kf2 Rc1 35. Nxg6 Rxc2+ 36. Kg1 Kg7 37. Rxc6 Bb7 38. Ne5+ Kf8 39. Rc7 Bd5 40. Nd7+ Ke7 41. Rxd5 Rg3 42. Nc5+ Kf8 43. Ne6+ Kg8 44. Rd8+ 1-0

[Event "BCF-chT3 0304 (4NCL)"]
[Site "West Bromwich"]
[Date "2004.01.24"]
[Round "3.7"]
[White "Lutton, J Arnold"]
[Black "Powell, Lloyd"]
[Result "0-1"]
[WhiteElo "1680"]
[BlackElo "1992"]
[PlyCount "84"]
[EventDate "2003.11.23"]
[EventType "team"]
[EventRounds "11"]
[EventCountry "ENG"]
[SourceTitle "EXT 2005"]
[Source "ChessBase"]
[SourceDate "2004.11.15"]
[SourceVersion "1"]
[SourceVersionDate "2004.11.15"]
[SourceQuality "1"]
[WhiteTeam "South County Stars"]
[BlackTeam "SW Dragons II"]
[WhiteTeamCountry "ENG"]
[BlackTeamCountry "ENG"]

1. e4 c5 2. Nc3 Nc6 3. f4 g6 4. Nf3 Bg7 5. Bc4 e6 6. d3 Nge7 7. 0-0 0-0 8. a3 a6 9. Qe1 Nd4 10. Nxd4 cxd4 11. Ne2 d5 12. Ba2 dxe4 13. dxe4 Bd7 14. Ng3 Bb5 15. Rf3 Rc8 16. Bb3 Re8 17. f5 exf5 18. Bg5 Qd7 19. Qd2 Rc5 20. exf5 Nxf5 21. c3 dxc3 22. Qxd7 Bxd7 23. bxc3 Rxc3 24. Rxc3 Bxc3 25. Rd1 Nxg3 26. hxg3 Be6 27. Bxe6 Rxe6 28. Kf1 h5 29. Rd3 Bf6 30. Bd2 b5 31. Bb4 Be7 32. Bc3 f6 33. Bb2 Kf7 34. Kf2 Rc6 35. Rd2 Rc4 36. Kf3 Bxa3 37. Ba1 Be7 38. Rd7 Ke6 39. Rb7 Ra4 40. Rb6+ Kf5 41. Bb2 Ra2 42. Bc1 Bc5 0-1

[Event "BCF-chT3 0102 (4NCL)"]
[Site "Birmingham"]
[Date "2002.01.20"]
[Round "6.7"]
[White "Purdon, Colin"]
[Black "Lutton, J Arnold"]
[Result "1-0"]
[WhiteElo "2081"]
[BlackElo "1672"]
[PlyCount "51"]
[EventDate "2001.09.??"]
[EventType "team"]
[EventRounds "11"]
[EventCountry "ENG"]
[SourceTitle "EXT 2003"]
[Source "ChessBase"]
[SourceDate "2002.11.25"]
[SourceVersion "1"]
[SourceVersionDate "2002.11.25"]
[SourceQuality "1"]
[WhiteTeam "Mindsports"]
[BlackTeam "South County Stars"]
[WhiteTeamCountry "ENG"]
[BlackTeamCountry "ENG"]

1. d4 Nf6 2. c4 e5 3. dxe5 Ng4 4. e3 Nxe5 5. Nh3 Bc5 6. Nf4 d6 7. Be2 Bf5 8. 0-0 Nbd7 9. Nc3 Nf6 10. Na4 c6 11. Nd3 Bxd3 12. Bxd3 Nxd3 13. Qxd3 0-0 14. b3 Qe7 15. Bb2 Ne4 16. Nxc5 dxc5 17. Rad1 Rad8 18. Qe2 Qg5 19. f3 Nf6 20. Rd3 Rfe8 21. Rfd1 Nh5 22. f4 Qh4 23. Rxd8 Rxd8 24. Qxh5 Qe7 25. Rxd8+ Qxd8 26. Qe2 1-0